000 00780nam a2200217 a 4500
005 20241114172648.0
008 230908b mx |||||||||||||| ||spa d
020 _a9789701069219
040 _cMX-LbUP
050 1 4 _aQH506
_bB43 2009
100 1 _aBeas Zárate, Carlos
_910941
_eautor
245 1 0 _aBiología molecular :
_bfundamentos y aplicaciones /
_cCarlos Beas Zárate, Daniel Ortuño Sahagún, Juan Socorro Armendáriz Borunda
260 _aMéxico :
_bMcGraw-Hill,
_c2009
300 _aix, 181 páginas :
_bilustraciones ;
_c27 cm.
490 _aEducación
_93727
500 _aIncluye índice.
650 0 _aBiología molecular
_9473
700 1 _aOrtuño Sahagún, Daniel
_911335
_ecoautor
700 1 _aArmendáriz Borunda, Juan Socorro
_911351
_ecoautor
942 _2lcc
_cLB
999 _c7381
_d7381